000 01010pam a2200277 a 4500
001 1070586
003 OSt
005 20251008160948.0
008 910610s1991 ne a b 100 0 eng
010 _a 91024655
020 _a0792313607 (alk. paper)
040 _aMUST LIB
_cMUST
_dMUST
050 0 0 _aTP692.3
_b.C64 1991
082 0 0 _a531.11 COM 1991
_220
100 _aEdited by Oliemans, R. V. A.
_919437
245 0 0 _aComputational Fluid Dynamics for the Petrochemical Process Industry
260 _aBoston :
_bKluwer Academic Publishers,
_cc1991.
300 _avii, 445 p. :
_bill. ;
_c24 cm.
500 _a"Reprinted from Applied scientific research, vol. 48, nos. 3-4 (1991)."
504 _aIncludes bibliographical references.
650 0 _aFluid dynamics
_917491
650 0 _aPetroleum chemicals
906 _a7
_bcbc
_corignew
_d1
_eocip
_f19
_gy-gencatlg
942 _2ddc
_cO_SHELF
999 _c8638
_d8638